Štátna filharmónia Košice

Podrobná bibliografia
Hlavný autor: Kočišová, Renáta (Autor)
Médium: Článok
Jazyk:slovenčina
Fyzický popis:Fotogr.
ISSN:1335-4140
Predmet:

MARC

LEADER 00000nab a2200000 a 4500
001 vtls008996305
003 SK-MaSNL
005 20260305003836.0
008 250505c2007 xo zr|p|||||||000 b|slo
015 |a SNBRB2007/06  |2 snkbucl 
035 |a (uuid)dfdb044f-77a9-4de3-b014-ceec7cf0ea5f 
035 |a urn:nbn:sk:snk-ab21ql 
035 |a (urnnbn)urn:nbn:sk:snk:ar-a01f0p 
038 |a SNKBUCL 
040 |a SNKBUCL  |b slo  |c SNKBUCL  |e AACR2 
041 0 |a slo 
044 |a xo  |c SK 
080 |a 78.071.2:785.11:061.7  |2 2001 
100 1 |a Kočišová, Renáta  |4 aut  |9 428702 
245 1 0 |a Štátna filharmónia Košice  |c Renáta Kočišová 
300 |b Fotogr. 
610 2 7 |a Štátna filharmónia Košice  |2 snkbucl  |9 56989 
648 7 |a 2007  |2 snkbucl  |9 313226 
650 0 7 |a koncerty  |2 snkbucl  |9 19182 
651 7 |a Košice (Slovensko)  |2 snkbucl  |9 18694 
773 0 |t Hudobný život  |g Roč. XXXIX, č. 4 (2007), s. 13  |x 1335-4140 
850 |a Slovenská národná knižnica 
852 |a Slovenská národná knižnica 
954 |a odborná, vedecká literatúra pôvodná (slovenská)  |2 lita 
958 |a article27 
958 |a OND 
958 |a SK 
958 |a EUIPO 
999 |c 3232677  |d 3234607